Poetas en el destierro

Saved in:
Bibliografiske detaljer
Hovedforfatter: Morales, José Ricardo (autor)
Format: Bog
Sprog:spansk
Udgivet: Santiago Cruz del Sur 1943
Serier:Colección Raíz y Estrellas
Fag:
Tags: Tilføj Tag
Ingen Tags, Vær først til at tagge denne postø!

MARC

LEADER 00000nam a2200000 a 4500
001 UCX5478
003 CL-VaPUC
008 921120e19430000CL |||||||||||||||||spa|d
082 0 4 |a 861  |b MOR  |2 21 
100 |a Morales, José Ricardo  |e autor  |9 374099 
245 1 0 |a Poetas en el destierro 
300 |a 292 p 
942 |c BK 
945 |d 19921120 00:00:00 
260 |a Santiago  |b Cruz del Sur  |c 1943 
650 0 |a Poesías españolas  |9 265100 
583 |a last modification  |c 19921120 00:00:00  |k Rodrigo Vera 
490 0 |a Colección Raíz y Estrellas 
999 |c 225715  |d 225713 
952 |0 0  |1 0  |4 0  |6 861_000000000000000_MOR_1943  |7 0  |8 A  |9 223473  |a BIBEDU  |b BIBEDU  |d 2019-11-15  |i 2922967  |o 861 MOR 1943  |p 2922967  |r 2019-11-15  |w 2019-11-15  |y BK  |k LIT 
952 |0 0  |1 0  |4 0  |6 861_000000000000000_MOR_1943  |7 0  |8 A  |9 223474  |a BIBEDU  |b BIBEDU  |d 2019-11-15  |i 3115461  |o 861 MOR 1943  |p 3115461  |r 2019-11-15  |w 2019-11-15  |y BK  |k LIT